South from Corregidor /

Bibliographic Details
Main Author: Morrill, John Henry, 1903-
Other Authors: Martin, Pete, 1901-1980
Format: Book
Language:English
Published: New York, N.Y. : Simon and Schuster, 1943.
Subjects:

MARC

Tag First Indicator Second Indicator Subfields
LEADER 00000cam a2200000 a 4500
001 in00000071213
005 20151008062116.0
008 750611s1943 nyub 00010 engm
010 |a  43051082  
035 |a (OCoLC)01384801 
035 |9 AAJ9540AM 
040 |a DLC  |c SMI  |d SER  |d TXA  |d UtOrBLW 
049 |a TXAM  |c [1422141] 
050 0 0 |a D811  |b .M64 
082 0 |a 940.542 
100 1 |a Morrill, John Henry,  |d 1903- 
245 1 0 |a South from Corregidor /  |c John Morrill and Pete Martin. 
264 1 |a New York, N.Y. :  |b Simon and Schuster,  |c 1943. 
300 |a x, 252 pages :  |b maps ;  |c 22 cm. 
336 |a text  |b txt  |2 rdacontent 
337 |a unmediated  |b n  |2 rdamedia 
338 |a volume  |b nc  |2 rdacarrier 
650 0 |a World War, 1939-1945  |v Personal narratives, American. 
650 0 |a World War, 1939-1945  |z Philippines. 
700 1 |a Martin, Pete,  |d 1901-1980. 
999 |a MARS 
999 f f |s c47c1c80-599d-3eae-9e11-4ca771fc6075  |i 5364409a-9db6-3652-ab4c-f80b682ae826  |t 0 
952 f f |p ric  |a Texas A&M University  |b Rellis Campus  |c Joint Library Facility  |d Remote Storage  |t 0  |e D811 .M64  |h Library of Congress classification  |i unmediated -- volume  |m A14806095822 
998 f f |a D811 .M64  |t 0  |l Remote Storage